Handbook of research institutions in India (Record no. 40760)

MARC details
000 -LEADER
fixed length control field 00321nam a2200109Ia 4500
082 ## - DEWEY DECIMAL CLASSIFICATION NUMBER
Classification number 061.6(035)(540)
Item number HAN
245 #0 - TITLE STATEMENT
Title Handbook of research institutions in India
260 ## - PUBLICATION, DISTRIBUTION, ETC. (IMPRINT)
Place of publication Varanasi
Name of publisher Indian Bibliographic Centre
Year of publication 1995
650 ## - SUBJECT ADDED ENTRY--TOPICAL TERM
Topical Term Research institutions
942 ## - ADDED ENTRY ELEMENTS (KOHA)
Koha item type Books
Holdings
Withdrawn status Lost status Damaged status Not for loan Home library Current library Date acquired Cost, normal purchase price Full call number Accession Number Koha item type
        RRII Library RRII Library 16/12/2021 600.00 061.6(035)(540) HAN 21056 Books